000 00188 a2200097 4500
020 _a0732714508
041 _aspa
100 _aCapellini, Mary
245 _aLas huellas verdes
942 _cBK
999 _c31944
_d31942